| 000 | 00777nam a2200229Ia 4500 | ||
|---|---|---|---|
| 001 | L194-1835 | ||
| 003 | IT-CnALBA | ||
| 008 | 170116s9999||||xx |||||||||||||| ||und|| | ||
| 040 |
_aIT-CnALBA _cIT-CnALBA |
||
| 041 | _aFRANCESE | ||
| 100 | _aSIMON YVES | ||
| 245 | 0 | _aTROIS LEÇONS SUR LE TRAVAIL. | |
| 250 | _a1a ed. | ||
| 260 |
_a PARIS _bTEQUI PIERRE, LIBRAIRIE-EDITEUR _c1935 [1° Ed.: n.d.] |
||
| 300 | _a72 p. | ||
| 500 | _aDEFINIZIONE DEL LAVORO. LAVORO E RICCHEZZA. CULTURA OPERAIA. | ||
| 501 | _aSocietà San Paolo EM - Piazza San Paolo, 14 - 12051 ALBA (CN) (non commercial uses only) ® Copyright 2017 | ||
| 520 | _aDEFINIZIONE DEL LAVORO. LAVORO E RICCHEZZA. CULTURA OPERAIA. | ||
| 650 | _aFILOSOFIA FRANCESE | ||
| 942 | _cBK | ||
| 957 | _71 | ||
| 999 |
_a2816 _bSI _g Copie: 1 _c261053 _d261053 |
||